Le monde de Genshin Impact - Statistiques

Statistiques générales
  • Ce quiz a été pris 1 157 fois
    1 075 depuis la dernière actualisation
  • Le résultat moyen est 34 sur 57
Statistiques - réponses
Answers % Correct
Inazuma
92%
Liyue
91%
Anémo
90%
Électro
90%
Pyro
90%
Hydro
89%
Cryo
88%
Dendro
88%
Géo
88%
Sumeru
85%
Fontaine
82%
Teyvat
78%
Jean
75%
Diluc
72%
Amber
71%
Kaeya
71%
Mondstadt
71%
Venti
70%
Zhongli
70%
Lisa
68%
Natlan
65%
Albedo
64%
Barbara
59%
Kamisato Ayaka
59%
Klee
59%
Mona
59%
Xiao
59%
Bennett
57%
Qiqi
57%
Keqing
55%
Beidou
54%
Kaedehara Kazuha
53%
Voyageur / Voyageuse
53%
Shogun Raiden
51%
Tartaglia
51%
Xiangling
51%
Eula
50%
Razor
50%
Diona
49%
Ganyu
49%
Hu Tao
49%
Ningguang
49%
Sucrose
49%
Chongyun
48%
Xingqiu
47%
Noëlle
44%
Sangonomiya Kokomi
42%
Yanfei
42%
Fischl
41%
Rosalia
41%
Xinyan
41%
Snezhnaya
40%
Kujou Sara
39%
Thomas
39%
Yoimiya
39%
Sayu
38%
Aloy
35%
Aucun quiz correspondant
Distribution des résultats
% des personnes avec chaque résultat
Percentile par nombre de réponses
Votre historique - résultats
Vous n’avez pas pris ce quiz depuis la dernière actualisation